Statistics for Languages by their Translation of the Word "Smile"

Click here to take the quiz!

General Stats

  • This quiz has been taken 83 times
  • The average score is 11 of 18

Answer Stats

Hint Answer % Correct
SmileEnglish
98%
УлыбкаRussian
92%
SourireFrench
87%
LächelnGerman
87%
SonrisoSpanish
74%
SorrisoItalian
73%
УсмішкаUkrainian
66%
RisoPortuguese
60%
ÚsměvCzech
60%
ÚsmevSlovak
58%
UśmiechPolish
56%
усмивкаBulgarian
55%
TebessümTurkish
39%
LeendeSwedish
37%
MosolyHungarian
37%
HymyFinnish
35%
SmilNorwegian
35%
Surâsul/ZâmbetRomanian
29%

Score Distribution

Percentile by Number Answered

Percent of People with Each Score

Your Score History

You have not taken this quiz